| 000 | 00890cam a2200277 a 4500 | ||
|---|---|---|---|
| 005 | 20131114105137.0 | ||
| 008 | 030407s2002 mnu b 001 0 eng | ||
| 020 | _a0314211586 | ||
| 041 | 0 | _aeng | |
| 080 | _a341 | ||
| 100 | 1 | _aBuergenthal, Thomas. | |
| 245 | 1 | 0 |
_aPublic international law in a nutshell / _cby Thomas Buergenthal, Sean D. Murphy. |
| 246 | 1 | 8 | _aPublic international law |
| 250 | _a3rd ed. | ||
| 260 |
_aSt. Paul, MN : _bWest Group, _cc2002. |
||
| 300 |
_axxxv, 388 p. ; _c19 cm. |
||
| 490 | 1 | _aWest nutshell series | |
| 500 | _aPreface to the third edition : f. III-IV | ||
| 500 | _aIncludes index. | ||
| 504 | _a"International legal research sources": p. 243-257. | ||
| 650 | 0 | _aE drejta ndërkombëtare | |
| 650 | 0 |
_aE drejta ndërkombëtare dhe komunale _zShtetet e Bashkuara |
|
| 700 | 1 | _aMurphy, Sean D. | |
| 830 | 0 | _aNutshell series. | |
| 942 |
_2udc _cBK |
||
| 999 |
_c321 _d321 |
||